日本の長い川の河口に面している市町村クイズ - Statistics

General Stats
  • This quiz has been taken 11 times
  • The average score is 13 of 15
Answer Stats
市町村 % Correct
信濃川 新潟市(東区/中央区)
100%
利根川 銚子市
100%
利根川 神栖市
100%
石狩川 石狩市
100%
最上川 酒田市
100%
天竜川 浜松市(中央区)
100%
阿賀野市 新潟市(北区/東区)
100%
天塩川 天塩町
88%
北上川 石巻市
88%
天塩川 幌延町
75%
阿武隈川 岩沼市
75%
阿武隈川 亘理町
75%
木曽川 木曽岬町
75%
木曽川 桑名市
63%
天竜川 磐田市
63%
No matching quizzes found
Score Distribution
Percent of People with Each Score
Percentile by Number Answered
Your Score History
You have not taken this quiz